000 01557nam a22002777a 4500
001 8147
003 FISKH
005 20250828131518.0
008 250828b cb ||||| |||| 00| 0 eng d
020 _a9780547237558
040 _aFISKH
_bkhr
_cFISKH
_dFISKH
050 _aSF426 .T87
082 _a636.7
100 _aTurner, Pamela S.
245 _aHachiko ហា​ ជិ កូ :
_bThe true story of a royal dog /
_cwritten by Pamela S. Turner : illustrated by Yan Nascimbene
260 _aPhnom Penh :
_bCambodia Daily Press ,
_c2004.
300 _a32 unnumbered pages :
_bcolor illustrations ;
_c20 X 20 cm .
505 _aK
520 _aនេះជារឿងពិតអំពីឆ្កែមួយដែលបានដើរតាមម្ចាស់របស់វាទៅ-មកស្ថានីយ៍រថភ្លើងនៅទីក្រុងតូក្យូរយៈពេលមួយឆ្នាំ ហើយបន្ទាប់ពីម្ចាស់វាស្លាប់ វាបានបន្តរង់ចាំម្ចាស់នៅទីនោះរៀងរាល់ថ្ងៃជាច្រើនឆ្នាំទៀត។
520 _aRelates the true story of a dog who accompanied his master to and from a Tokyo train station for a year and, after his master died, continued to wait for him there every day for many years.
521 8 _a510
_bLexile estimate
521 8 _aK
_bRaz-Plus
700 _aNascimbene, Yan
_eIllustrator
942 _2ddc
_cBK
_n0
999 _c8147
_d8147